00479nam a2200145Ia 4500008004100000041000800041082001200049100001900061245004500080260003400125300002900159365001100188999001700199952011700216240624s9999 xx 000 0 und d aeng a320 BAJ aBAJPAI KANTI P aINDIA S NATIONAL SECURITY A READER CRITI c2013aNew DelhibOxford India ax, : 486 : p. : cm. ; 22 cRSb31 c23363d23363 00104070aIMTNbIMTNcRack 5-Bd2014-10-07eAPg995.00o320 BAJp23363r2024-06-24 00:00:00t1w2024-06-24yBK